Hauptstädte mit p - Statistiken

Allgemein
  • Dieses Quiz wurde 86 mal gespielt
  • Das Durchschnittsergebnis liegt bei 11 aus 18
Antwortstatistiken
Antwort % Korrekt
Paris
83%
Panama-Stadt
80%
Pristina
78%
Prag
73%
Peking
69%
Podgorica
68%
Port-au-Prince
64%
Pjöngjang
63%
Port of Spain
61%
Praia
59%
Phnom Penh
56%
Paramaribo
54%
Port Moresby
54%
Porto-Novo
54%
Pretoria
53%
Port Louis
49%
Palikir
46%
Port Vila
41%
Keine übereinstimmenden Quizze gefunden
Verteilung der Resultate
Anzahl Personen mit jedem Resultat
Perzentil nach korrekt beantworteten Fragen
Ihre Resultats-Entwicklung
Sie haben dieses Quiz noch nicht gespielt